Fuente ovejuna / (Registro nro. 11188)

Detalles MARC
000 -LIDER
fixed length control field 00889nam a22003137a 4500
001 - NÚMERO DE CONTROL
Identificador de número de control 0074
003 - IDENTIFICACDOR DE NÚMERO DE CONTROL
control field DO-SdBPM
005 - DATE AND TIME OF LATEST TRANSACTION
control field 20250604102758.0
007 - CAMPOS FIJOS DE DESCRIPCIÓN FÍSICA
fixed length control field 0074
008 - ELEMENTOS DE LONGITUD FIJA
fixed length control field 151026b1995 sp 00| 0 spa d
020 ## - ISBN
International Standard Book Number 8482397359
040 ## - FUENTE DE CATALOGACIÓN
Agencia que crea de manera original el registro DO-SdBPM
Idioma de catalogación spa
Agencia que realiza la transcripción BPMSU
082 #4 - NÚMERO DE CLASIFICACIÓN DECIMAL DE DEWEY
Classification number 862.3
Item number V422f 1995
Edition number 22
092 ## - LOCALLY ASSIGNED DEWEY DECIMAL CALL NUMBER
Número de ítem (Cutter)
100 1# - ASIENTO PRINCIPAL -- NOMBRE PERSONAL
Nombre personal Vega, Lope de
Fechas asociadas con el nombre 1562-1635.
245 10 - MENCIÓN DE TITULO
Título Fuente ovejuna /
Mención de responsabilidad Lope de Vega ; edición Rinaldo Froldi.
250 ## - MENCIÓN DE EDICION
Mención de edición 17a. ed.
260 ## - PUBLICACIÓN, DISTRIBUCIÓN, ETC. (PIE DE IMPRENTA)
Lugar de publicación, distribución, etc Madrid :
Nombre del editor, distribuidor, etc. Espasa Calpe,
Fecha de publicación, distribución, etc 1995.
300 ## - DESCRIPCIÓN FÍSICA
Extensión 120 p. :
Otros detalles físicos il.;
Dimensiones 20 cm.
490 0# - MENCIÓN DE SERIES
Mención de serie Austral ;
-- Espas-Calpe
590 ## - NOTA LOCAL
Texto de la nota local Inventariado, 2025/VM
650 #4 - ENCABEZAMIENTO DE MATERIA--TEMÁTICO
Término temático o nombre geográfico como elemento de entrada Teatro español
Subdivisión cronológica Siglo XVII
650 #4 - ENCABEZAMIENTO DE MATERIA--TEMÁTICO
Término temático o nombre geográfico como elemento de entrada Nobleza
Subdivisión de forma Teatro.
650 #4 - ENCABEZAMIENTO DE MATERIA--TEMÁTICO
Término temático o nombre geográfico como elemento de entrada Aristocracia
Subdivisión de forma Teatro.
700 1# - ASIENTO SECUNDARIO -- NOMBRE PERSONAL
Nombre personal Froldi, Rinaldo
Mención de responsabilidad ilustración
700 1# - ASIENTO SECUNDARIO -- NOMBRE PERSONAL
Nombre personal Gala, Antonio
Mención de responsabilidad pról.
910 ## - VALIDACIÓN
Validación VMateo V. Control de calidad. BPMSU
942 ## - ADDED ENTRY ELEMENTS (KOHA)
Source of classification or shelving scheme Dewey Decimal Classification
Koha item type Libros
Existencias
Withdrawn status Lost status Source of classification or shelving scheme Damaged status Not for loan Collection code Home library Current library Date acquired Source of acquisition Total Checkouts Full call number Barcode Date last seen Price effective from Koha item type Copy number
    Dewey Decimal Classification     Colección General Biblioteca Pública Metropolitana Salomé Ureña Biblioteca Pública Metropolitana Salomé Ureña 08/26/2016 FUNDI   BPMSU CG 862.31 V422f 1995 BPMSU16080233 08/26/2016 08/26/2016 Libros  
    Dewey Decimal Classification     Colección General Biblioteca Pública Metropolitana Salomé Ureña Biblioteca Pública Metropolitana Salomé Ureña 01/25/2018 FUNDI   BPMSU CG 862.31 V422f 1995 BPMSU18010054 01/25/2018 01/25/2018 Libros e.2